[Event "Bled op-B"]
[Site "Bled"]
[Date "1995.??.??"]
[Round "4"]
[White "Kobal, Peter"]
[Black "Kastelic, Marian"]
[Result "0-1"]
[WhiteElo "2000"]
[BlackElo "2220"]
[PlyCount "80"]
[EventDate "1995.03.??"]
[EventType "swiss"]
[EventRounds "9"]
[EventCountry "SLO"]
[SourceTitle "EXT 1997"]
[Source "ChessBase"]
[SourceDate "1996.11.15"]
[SourceVersion "1"]
[SourceVersionDate "1996.11.15"]
[SourceQuality "1"]

1. e4 c5 2. Nf3 e6 3. d4 cxd4 4. Nxd4 Nf6 5. Nc3 d6 6. Be3 Be7 7. f3 0-0 8. Qd2 a6 9. g4 Nc6 10. 0-0-0 Nxd4 11. Bxd4 b5 12. g5 Nd7 13. h4 Qa5 14. Kb1 b4 15. Ne2 e5 16. Be3 Nc5 17. h5 Be6 18. Nc1 f5 19. exf5 Bxf5 20. Bc4+ Ne6 21. g6 Rfc8 22. Bb3 Qc7 23. h6 hxg6 24. hxg7 Kxg7 25. Bh6+ Kf6 26. Rdg1 Rh8 27. Nd3 a5 28. Nf2 a4 29. Bd5 b3 30. Ne4+ Kf7 31. cxb3 axb3 32. Bxb3 Ke8 33. Be3 Rxh1 34. Rxh1 Qa5 35. Qd1 Nc7 36. Ka1 d5 37. Ng5 d4 38. Nf7 Be6 39. Rh8+ Kxf7 40. Qh1 Rxh8 0-1

[Event "Bled op-B"]
[Site "Bled"]
[Date "1995.??.??"]
[Round "2"]
[White "Muri, Emil"]
[Black "Kobal, Peter"]
[Result "0-1"]
[WhiteElo "2080"]
[BlackElo "2000"]
[PlyCount "106"]
[EventDate "1995.03.??"]
[EventType "swiss"]
[EventRounds "9"]
[EventCountry "SLO"]
[SourceTitle "EXT 1997"]
[Source "ChessBase"]
[SourceDate "1996.11.15"]
[SourceVersion "1"]
[SourceVersionDate "1996.11.15"]
[SourceQuality "1"]

1. e4 c5 2. Nf3 Nc6 3. Bb5 e6 4. 0-0 Nf6 5. Re1 Be7 6. b3 Qc7 7. Bb2 0-0 8. Nc3 a6 9. Bxc6 Qxc6 10. d4 cxd4 11. Nxd4 Qc7 12. Qd3 d6 13. Nce2 b5 14. Ng3 Bb7 15. Rac1 Rac8 16. c4 bxc4 17. bxc4 Rfd8 18. h3 Nd7 19. f4 Qb6 20. Rb1 e5 21. Bc3 Qa7 22. Rxb7 Qxb7 23. Ndf5 Bf8 24. Qf3 Rxc4 25. Nh5 g6 26. fxe5 Nxe5 27. Qg3 Rxc3 28. Qxc3 gxh5 29. Qg3+ Ng6 30. Qg5 Re8 31. Ng3 h4 32. Nh5 Bg7 33. Rf1 Qe7 34. Qd5 Qe6 35. Qb7 a5 36. a4 Re7 37. Qa8+ Re8 38. Qxa5 Qxe4 39. Qc7 Qd5 40. Qd7 Qe6 41. Qb7 Qe7 42. Qc6 Qe5 43. Qd7 Rf8 44. Nxg7 Kxg7 45. a5 Qxa5 46. Qxd6 Qe5 47. Qd7 Qe6 48. Qd4+ f6 49. Qa7+ Rf7 50. Qa8 Re7 51. Qa1 Qe5 52. Qa6 Nf4 53. Qc6 Ne2+ 0-1

[Event "Bled op-B"]
[Site "Bled"]
[Date "1995.??.??"]
[Round "9"]
[White "Safundzic, Marijana"]
[Black "Kobal, Peter"]
[Result "1/2-1/2"]
[WhiteElo "2015"]
[BlackElo "2000"]
[PlyCount "61"]
[EventDate "1995.03.??"]
[EventType "swiss"]
[EventRounds "9"]
[EventCountry "SLO"]
[SourceTitle "EXT 1997"]
[Source "ChessBase"]
[SourceDate "1996.11.15"]
[SourceVersion "1"]
[SourceVersionDate "1996.11.15"]
[SourceQuality "1"]

1. d4 e6 2. Nf3 Nf6 3. Bg5 d5 4. e3 Be7 5. Bd3 Nbd7 6. Nbd2 0-0 7. 0-0 c5 8. c3 b6 9. Qe2 Bb7 10. Ba6 Bxa6 11. Qxa6 Qc7 12. Qe2 h6 13. Bf4 Bd6 14. Bxd6 Qxd6 15. Rad1 Rfd8 16. Rfe1 Rac8 17. h3 Qc6 18. e4 dxe4 19. Nxe4 Nxe4 20. Qxe4 Qxe4 21. Rxe4 Nf6 22. Ree1 cxd4 23. Nxd4 Rd5 24. Nb3 Rcd8 25. Rxd5 Rxd5 26. Kf1 Kf8 27. Re2 Ke7 28. Rd2 Rxd2 29. Nxd2 Kd6 30. Ke2 Kd5 31. Ke3 1/2-1/2

[Event "SLO-chT"]
[Site "Slovenia"]
[Date "1994.??.??"]
[Round "?"]
[White "Drinovec, Ales"]
[Black "Kobal, Peter"]
[Result "1/2-1/2"]
[WhiteElo "2240"]
[BlackElo "2000"]
[PlyCount "73"]
[EventDate "1994.??.??"]
[EventType "team"]
[EventRounds "7"]
[EventCountry "SLO"]
[SourceTitle "EXT 1998"]
[Source "ChessBase"]
[SourceDate "1997.11.17"]
[SourceVersion "1"]
[SourceVersionDate "1997.11.17"]
[SourceQuality "1"]

1. e4 c5 2. Nf3 e6 3. d4 cxd4 4. Nxd4 a6 5. g3 b5 6. Bg2 Bb7 7. 0-0 d6 8. Be3 Nf6 9. Nd2 Nbd7 10. Qe2 Qc7 11. c3 Be7 12. f4 0-0 13. Kh1 Nc5 14. Bg1 Rfe8 15. N4b3 Nxb3 16. Nxb3 e5 17. fxe5 dxe5 18. Rad1 Rad8 19. Bf3 Rxd1 20. Rxd1 Rd8 21. Rxd8+ Qxd8 22. Bc5 Qf8 23. Qe3 Nd7 24. Bxe7 Qxe7 25. Qa7 Qf6 26. Kg2 Qb6 27. Qxb6 Nxb6 28. Nc5 Bc8 29. b3 Nd7 30. Nxd7 Bxd7 31. Kf2 Kf8 32. Ke3 Ke7 33. Be2 Kd6 34. a3 Be6 35. Bd1 Kc5 36. Kd3 Kc6 37. Ke3 1/2-1/2